[Event "Baden-ch U20"]
[Site "Karlsruhe"]
[Date "2007.01.04"]
[Round "5"]
[White "Babutzka, Jens Matthias"]
[Black "Papathanassopoulos, Andreas"]
[Result "1-0"]
[WhiteElo "1766"]
[BlackElo "1476"]
[PlyCount "56"]
[EventDate "2007.01.02"]
[EventType "swiss"]
[EventRounds "7"]
[EventCountry "GER"]
[SourceTitle "EXT 2008"]
[Source "ChessBase"]
[SourceDate "2007.11.25"]
[SourceVersion "1"]
[SourceVersionDate "2007.11.25"]
[SourceQuality "1"]

1. e4 e5 2. Nf3 d6 3. Bc4 Nd7 4. d4 c6 5. c3 Be7 6. Qb3 Ngf6 7. Ng5 d5 8. exd5 cxd5 9. Bb5 0-0 10. 0-0 e4 11. Nh3 Nb6 12. Nf4 Qc7 13. g3 Bd6 14. Na3 Bg4 15. Be2 g5 16. Bxg4 gxf4 17. Nb5 Qc6 18. Nxd6 fxg3 19. Nf5 gxh2+ 20. Kh1 Nxg4 21. Ne7+ Kh8 22. Nxc6 bxc6 23. Bf4 Rae8 24. Qd1 f5 25. f3 e3 26. fxg4 e2 27. Qd3 exf1Q+ 28. Rxf1 Nd7 1-0

[Event "Baden-ch U20"]
[Site "Karlsruhe"]
[Date "2007.01.03"]
[Round "4"]
[White "Papathanassopoulos, Andreas"]
[Black "Trachuk, Andriy"]
[Result "1/2-1/2"]
[WhiteElo "1476"]
[BlackElo "1555"]
[PlyCount "48"]
[EventDate "2007.01.02"]
[EventType "swiss"]
[EventRounds "7"]
[EventCountry "GER"]
[SourceTitle "EXT 2008"]
[Source "ChessBase"]
[SourceDate "2007.11.25"]
[SourceVersion "1"]
[SourceVersionDate "2007.11.25"]
[SourceQuality "1"]

1. e4 c5 2. c3 Nf6 3. e5 Nd5 4. Bc4 Nb6 5. Bb3 Nc6 6. d4 e6 7. Nf3 Be7 8. 0-0 cxd4 9. cxd4 d6 10. Nc3 0-0 11. Ne4 Nb4 12. Bg5 dxe5 13. Bxe7 Qxe7 14. dxe5 Bd7 15. a3 N4d5 16. Nfg5 h6 17. Qh5 Rfd8 18. Bc2 Be8 19. Nh3 f5 20. exf6 Nxf6 21. Nxf6+ Qxf6 22. Qe2 Rd5 23. Rfe1 Bd7 24. Be4 Rc5 1/2-1/2